000 00587nam a22002177a 4500
005 20241001101332.0
008 240924b |||||||| |||| 00| 0 eng d
020 _a9780134602820
082 _a388.1
_bPEN-I
100 _aPenson, John. B
245 _aIntroduction to Agricultural Economics /
_cby John. B Penson, Oral Capps, C.Parr Rosson
250 _a7th ed.
260 _aUSA :
_bPersons ;
_c2018.
300 _a408 p. :
_bill ;
_c27 cm.
650 _aAgricultue
650 _aEconomic
700 _aOral Capps
700 _a C.Parr Rosson
999 _c36579
_d36579